Patchwork girl, or, A modern monster : a graveyard, a journal, a quilt, a story & broken accents /

Hypertext novel incorporating aspects of the Frankenstein tale, graphic novels, feminist meditation and storytelling.

Bibliographic Details
Main Author: Jackson, Shelley
Corporate Author: Eastgate Systems, Inc
Other Authors: Shelley, Mary Wollstonecraft, 1797-1851
Format: Software eBook
Language:English
Published: Watertown, MA : Eastgate Systems, [1995]
Subjects:

MARC

Tag First Indicator Second Indicator Subfields
LEADER 00000cmm a2200000La 4500
001 in00002194921
005 20151104074240.0
007 co cgu||||||||
008 980821s1995 mau i eng d
020 |a 1884511236 
020 |a 9781884511233 
029 1 |a NZ1  |b 7229213 
035 |a (OCoLC)ocm81077412 
035 |a (OCoLC)81077412 
040 |a CUY  |c FUG  |d TXA  |d UtOrBLW 
049 |a TXAM 
050 0 4 |a PS3560.A33  |b P38 1995 
100 1 |a Jackson, Shelley. 
245 1 0 |a Patchwork girl, or, A modern monster :  |b a graveyard, a journal, a quilt, a story & broken accents /  |c by Mary/Shelley, & herself. 
246 3 0 |a Patchwork girl 
246 3 0 |a Modern monster 
256 |a Electronic data. 
264 1 |a Watertown, MA :  |b Eastgate Systems,  |c [1995] 
264 4 |c ©1995 
300 |a 1 CD-ROM :  |b color with black and white ;  |c 4 3/4 in. 
336 |a computer program  |b cop  |2 rdacontent 
337 |a computer  |b c  |2 rdamedia 
338 |a computer disc  |b cd  |2 rdacarrier 
538 |a System requirements: 486, Celeron, Pentium, or faster processor; Windows 95, 98, NT, me, 2000, XP, or later. 
538 |a System requirements: Mac OS 6.07 or later; Macintosh OS. 
500 |a Title from title screen. 
520 |a Hypertext novel incorporating aspects of the Frankenstein tale, graphic novels, feminist meditation and storytelling. 
500 |a Software copyright dates 1992-2001 from label on disc. 
500 |a Disc also comes with guide on disc. 
500 |a Electronic resource. 
650 0 |a Computer prose. 
650 0 |a Hypertext fiction. 
600 1 0 |a Shelley, Mary Wollstonecraft,  |d 1797-1851.  |t Frankenstein  |v Software. 
650 0 |a Frankenstein, Victor (Fictitious character)  |v Software. 
650 0 |a Feminism and literature  |v Software. 
650 0 |a Frankenstein's monster (Fictitious character)  |v Software. 
700 1 |a Shelley, Mary Wollstonecraft,  |d 1797-1851.  |t Frankenstein. 
710 2 |a Eastgate Systems, Inc. 
994 |a C0  |b TXA 
948 |a cataloged  |b h  |c 2007/11/6  |d c  |e jho  |f 9:42:42 am 
999 |a MARS 
999 f f |s c1d1bda6-f0c0-3106-84b9-b63e5a86175a  |i 2e919ee0-4e37-327f-a56c-5760ff28285c  |t 0 
952 f f |p normal  |a Texas A&M University  |b College Station  |c Sterling C. Evans Library  |d Evans: Library Stacks  |t 0  |e PS3560.A33 P38 1995  |h Library of Congress classification  |i computer -- computer disc  |m A14836628980 
998 f f |a PS3560.A33 P38 1995  |t 0  |l Evans: Library Stacks